Guide to economics for Filipinos (Record no. 4152)

MARC details
000 -LEADER
fixed length control field 00542nam a22001697a 4500
003 - CONTROL NUMBER IDENTIFIER
control field OSt
005 - DATE AND TIME OF LATEST TRANSACTION
control field 20250822024128.0
008 - FIXED-LENGTH DATA ELEMENTS--GENERAL INFORMATION
fixed length control field 250822b |||||||| |||| 00| 0 eng d
020 ## - INTERNATIONAL STANDARD BOOK NUMBER
International Standard Book Number 971-554-069-4
040 ## - CATALOGING SOURCE
Transcribing agency OC
082 ## - DEWEY DECIMAL CLASSIFICATION NUMBER
Classification number Fil. 330.9599 V714g 1998
100 ## - MAIN ENTRY--PERSONAL NAME
Personal name Villegas, B.
245 ## - TITLE STATEMENT
Title Guide to economics for Filipinos
260 ## - PUBLICATION, DISTRIBUTION, ETC.
Place of publication, distribution, etc. Manila :
Name of publisher, distributor, etc. Siang-tala Publishers, Inc.,
Date of publication, distribution, etc. c1998
300 ## - PHYSICAL DESCRIPTION
Extent vii, 679 pages ;
Dimensions 22 cm.
942 ## - ADDED ENTRY ELEMENTS (KOHA)
Source of classification or shelving scheme Dewey Decimal Classification
Koha item type Book-Filipiniana
Edition 5th edition
Classification part Fil. 330.9599 V714g 1998
Call number prefix Fil.
Suppress in OPAC No
952 ## - LOCATION AND ITEM INFORMATION (KOHA)
--
Holdings
Withdrawn status Lost status Source of classification or shelving scheme Damaged status Not for loan Home library Current library Shelving location Date acquired Source of acquisition Total Checkouts Full call number Barcode Date last seen Copy number Price effective from Koha item type Uniform Resource Identifier
    Dewey Decimal Classification     College Library College Library Filipiniana 08/30/2004 School Fund   Fil. 330.9599 V714g 1998 CL41040 08/22/2025 c1 08/22/2025 BK - FIL